|
|
|
|
| LEADER |
00000nam a22000007a 4500 |
| 005 |
20160316120328.0 |
| 007 |
cr|||| || |
| 008 |
160316s2016 co ||||| |||| 00||0 spa d |
| 020 |
|
|
|a 978-958-771-314-5
|
| 035 |
|
|
|a 14015
|
| 040 |
|
|
|a vLex
|
| 090 |
|
|
|c 5963
|d 5963
|
| 100 |
1 |
|
|a Jimňez Lozano, ℓlvaro
|
| 245 |
1 |
0 |
|a Estatuto tributario 2016
|h [Recurso electrn̤ico] /
|c ℓlvaro Jimňez Lozano
|
| 256 |
|
|
|a Servicio en ln̕ea
|
| 260 |
|
|
|a Colombia
|b ECOE
|c 2016
|
| 300 |
|
|
|a 1 recurso electrn̤ico
|
| 500 |
|
|
|a En esta edicin̤ completamente actualizada han sido incorporadas todas las reformas y reglamentaciones relacionadas con el Estatuto Tributario. Incluye: A. Normas concordantes y modificatorias de la ms̀ reciente Reforma Tributaria (Ley 1739 de 2014): Impuesto a la Riqueza, modificaciones CREE, impuestos pagados en el exterior, sobretasa CREE, modificaciones a la renta, GMF (4×1000), etc. B. Reformas y concordancias del Decreto 19 de 2012 (Ley Antitrm̀ites). C. Todos los valores en UVT actualizados y convertidos a pesos para los l︢timos aǫs gravables. D. Sentencias de la Corte Constitucional y Consejo de Estado, Conceptos y Oficios Tributarios de la DIAN, concordancias con cita textual de la norma y comentarios de los compiladores.
|
| 506 |
1 |
|
|a Contenido solo disponible en los productos indicados
|d vLex Global
|d vLex Global (Academic Edition, excluding Law Schools)
|d vLex Global (U.S. Academic Edition, Law Schools)
|d vLex Global (U.S. Academic Edition, excluding Law Schools)
|d vLex Global (Academic Edition, Law Schools)
|
| 650 |
0 |
4 |
|a Derecho tributario
|z Colombia
|
| 740 |
0 |
|
|a vLex libros (servicio en ln̕ea)
|
| 856 |
4 |
0 |
|u http://vlex.com/source/estatuto-tributario-2016-14015
|z Acceso restringido
|
| 942 |
|
|
|c BOOK
|
| 999 |
0 |
|
|a Law and legislation
|b Colombia
|